| 000 | 00473nam a2200169Ia 4500 | ||
|---|---|---|---|
| 999 |
_c28108 _d28108 |
||
| 003 | OSt | ||
| 005 | 20201224120300.0 | ||
| 008 | 190216s9999||||xx |||||||||||||| ||und|| | ||
| 040 | _coclc | ||
| 082 |
_a910 _bSAT/M |
||
| 100 |
_aSatrugnan _97853 |
||
| 245 | 0 |
_aMarubhoomiyum Swapnangalum / _cSatrugnan |
|
| 260 |
_bPoorna Publications, _aKozhikode: _c1999. |
||
| 300 | _a112p | ||
| 650 | _aYathravivaranam | ||
| 942 |
_cBK _2ddc _h910 _iSAT/M _k910 _mSAT/M |
||